000 00665nam a2200253 a 4500
003 AR-BaBNM
005 20251128205300.0
008 082120s2002 ||||||||||||||000 | spa||
040 _cAR-BaBNM
100 1 _aBreuse, Edouard
245 0 0 _aLa coéducation dans les écoles mixtes
250 _a1ª ed.
260 _aParís
_bPresses Universitaires de France
_c1970
300 _a160 p.
490 0 _aSup. L'educateur
504 _aBibliografía: p. 150-153
650 4 _aCOEDUCACION
650 4 _aESCUELAS MIXTAS
650 4 _aTEORIAS DE LA EDUCACION
651 4 _aFrancia
800 1 _aMialaret, Gastón
_edirector
942 _cBK
998 _csilvi
999 _c10721
_d10721